[Event "Mondiale Lampo FIDE 2017"]
[Site "Riyadh"]
[Date "30.12.2017"]
[Round "18.23"]
[White "Rakhmanov, Aleksandr"]
[Black "Pantsulaia, Levan"]
[Result "1-0"]
[WhiteTitle "GM"]
[BlackTitle "GM"]
[WhiteElo "2653"]
[BlackElo "2612"]
[WhiteFideId "4173708"]
[BlackFideId "13602071"]
[EventDate "2017.12.29"]

1. c4 c5 2. Nc3 Nf6 3. Nf3 e6 4. e4 Qc7 5. Be2 a6 6. O-O Be7 7. h3 d6 8. d3 O-O
9. Be3 Nc6 10. Qd2 Rb8 11. Nh2 Nd4 12. f4 Nxe2+ 13. Qxe2 b5 14. b3 Bb7 15. Bf2
Rfe8 16. Rae1 Bf8 17. Bh4 Nd7 18. Nf3 Qa5 19. Qc2 Ba8 20. Rd1 Rbc8 21. Rfe1 Nb8
22. Bf2 Nc6 23. Qd2 g6 24. Rc1 Bg7 25. Red1 Red8 26. Bh4 Rd7 27. Bf2 Rdd8 28.
Bh4 Re8 29. Bf2 Nb4 30. Be1 Qb6 31. Bf2 Qb8 32. Rb1 Bb7 33. a3 Nc6 34. cxb5 axb5
35. Nxb5 Ba6 36. Nc3 Qc7 37. Rdc1 Qa5 38. Ra1 Qc7 39. b4 Rb8 40. Rab1 Na7 41.
bxc5 dxc5 42. e5 Rbd8 43. Ne1 Bf8 44. Ne4 Qc8 45. Bxc5 Bxc5+ 46. Rxc5 Qa8 47.
Nf6+ Kg7 48. Nxe8+ Rxe8 49. Ra5 Nc6 50. Rc5 Nd4 51. Qf2 Nf5 52. Rc7 Qd8 53. Rbc1
Qd5 54. Ra7 Bb5 55. Rcc7 Rf8 56. a4 Be8 57. a5 h5 58. a6 Bb5 59. Rc5 Qb3 60. Rb7
Qa4 61. Rbxb5 Qxa6 62. Rb1 Qa7 63. Rcc1 Qa4 64. Rb7 h4 65. Rcc7 Qa5 66. Nf3 Qa1+
67. Kh2 Ng3 68. Qe1 Qa4 69. Nxh4 Nh5 70. Qe4 Qxe4 1-0

[Event "Mondiale Lampo FIDE 2017"]
[Site "Riyadh"]
[Date "30.12.2017"]
[Round "18.24"]
[White "Akobian, Varuzhan"]
[Black "Sjugirov, Sanan"]
[Result "1/2-1/2"]
[WhiteTitle "GM"]
[BlackTitle "GM"]
[WhiteElo "2647"]
[BlackElo "2650"]
[WhiteFideId "13300580"]
[BlackFideId "4189302"]
[EventDate "2017.12.29"]

1. d4 Nf6 2. c4 e6 3. Nf3 d5 4. Nc3 Nbd7 5. cxd5 exd5 6. Bf4 Nb6 7. e3 Bf5 8.
Bd3 Bxd3 9. Qxd3 Be7 10. O-O O-O 11. Rfc1 c6 12. h3 Re8 13. Rab1 a5 14. Qc2 Bd6
15. Bxd6 Qxd6 16. Na4 Nxa4 17. Qxa4 Ne4 18. a3 Qe7 19. Qc2 a4 20. Nd2 Nd6 21.
Qc5 Qd8 22. Qb4 Qd7 23. Rc2 b5 24. Qc5 Nc4 25. Nf3 f6 26. Re1 Re6 27. Ree2 Rae8
28. Ne1 Qd6 29. Qxd6 Rxd6 30. Nd3 Kf7 31. g3 g5 32. Kg2 Kg6 33. Rc1 Rde6 34. Rh1
Re4 35. Kf1 h6 36. Nc5 R4e7 37. Nd3 h5 38. h4 Re4 39. Nc5 R4e7 40. Nd3 Re6 41.
Nc5 R6e7 42. Nd3 Rf8 43. Nc5 Rfe8 44. Nd3 Rh8 45. Nc5 Kf5 46. Nd3 Kg6 47. Nc5
Rb8 48. Nd3 Ree8 49. Kg2 Re4 50. Nc5 Re7 51. Nd3 Rbe8 52. Kf1 Rb8 53. Kg2 Ree8
54. Kf1 Rbc8 55. Kg2 Re7 56. Kf1 Rg8 57. Kg2 Rh7 58. Rc2 Re7 59. hxg5 fxg5 60.
Ne5+ Nxe5 61. dxe5 Re6 62. f4 gxf4 63. gxf4 Kf5+ 64. Kf3 Rh6 65. Rch2 Rgh8 66.
Rh4 c5 67. Rd1 Ke6 68. Rg1 b4 69. axb4 cxb4 70. Rc1 Kd7 71. e4 dxe4+ 72. Kxe4 a3
73. bxa3 bxa3 74. Ra1 Ra8 75. Ra2 Rhh8 76. Rh3 Ra4+ 77. Kf5 Rf8+ 78. Kg6 Raxf4
79. Raxa3 Ke6 80. Ra6+ Kxe5 81. Rxh5+ Ke4 82. Ra4+ Kf3 83. Rxf4+ Rxf4 84. Rf5
Rxf5 85. Kxf5 1/2-1/2

[Event "Mondiale Lampo FIDE 2017"]
[Site "Riyadh"]
[Date "30.12.2017"]
[Round "18.26"]
[White "Anton Guijarro, David"]
[Black "Ivanchuk, Vassily"]
[Result "1/2-1/2"]
[WhiteTitle "GM"]
[BlackTitle "GM"]
[WhiteElo "2666"]
[BlackElo "2726"]
[WhiteFideId "2285525"]
[BlackFideId "14100010"]
[EventDate "2017.12.29"]

1. Nf3 d5 2. b3 Bg4 3. Bb2 e6 4. g3 Bxf3 5. exf3 Nd7 6. f4 c6 7. Bg2 Ngf6 8. O-O
g6 9. d4 Bg7 10. Nd2 O-O 11. c4 Re8 12. Qe2 a5 13. a3 Qb6 14. Rab1 Bf8 15. Rfd1
Rac8 16. Qd3 Red8 17. c5 Qc7 18. b4 b6 19. Bc3 axb4 20. axb4 Ra8 21. Ra1 Qb7 22.
Bf1 Rdb8 23. Qc2 Be7 24. Rdb1 Ne8 25. h4 h5 26. Bd3 f5 27. Nf3 Ng7 28. Kg2 Rxa1
29. Rxa1 Ra8 30. Rb1 b5 31. Nd2 Bf6 32. Nb3 Nb8 33. Na5 Qc7 34. Ra1 Kf7 35. Ra3
Ne8 36. Qa2 Qc8 37. Qa1 Nc7 38. f3 Ra6 39. Qe1 Ke7 40. Qe3 Kf7 41. Qc1 Ke7 42.
Qa1 1/2-1/2

[Event "Mondiale Lampo FIDE 2017"]
[Site "Riyadh"]
[Date "30.12.2017"]
[Round "18.27"]
[White "Vallejo Pons, Francisco"]
[Black "Harikrishna, Pentala"]
[Result "1/2-1/2"]
[WhiteTitle "GM"]
[BlackTitle "GM"]
[WhiteElo "2707"]
[BlackElo "2744"]
[WhiteFideId "2205530"]
[BlackFideId "5007003"]
[EventDate "2017.12.29"]

1. e4 c5 2. Nf3 e6 3. d4 cxd4 4. Nxd4 Nc6 5. Nc3 Qc7 6. Qd3 Nf6 7. Ndb5 Qb8 8.
Qg3 d6 9. Be3 a6 10. Nd4 h5 11. O-O-O h4 12. Nxc6 hxg3 13. Nxb8 Rxh2 14. Rxh2
gxh2 15. Be2 Rxb8 16. Rh1 b5 17. f3 b4 18. Na4 Bd7 19. b3 Bxa4 20. bxa4 d5 21.
Rxh2 dxe4 22. Bxa6 Bd6 23. Rh4 exf3 24. gxf3 Nd5 25. Bg5 f6 26. Bd2 Kf7 27. Bc4
Ra8 28. Bb3 Ke7 29. Rh7 Kf7 30. Rh4 Ke7 31. Bxd5 exd5 32. Bxb4 g5 33. Bxd6+ Kxd6
34. Rb4 Kc5 35. c3 Rh8 36. a5 Ra8 37. Ra4 Kb5 38. Rb4+ Kxa5 39. Rd4 Kb5 40.
Rxd5+ Kc4 41. Rf5 Rxa2 42. Rxf6 Kxc3 43. Kd1 Kd3 44. Ke1 Ke3 45. Kf1 Rf2+ 46.
Kg1 Rxf3 47. Rg6 Kf4 48. Ra6 Kg3 49. Ra2 g4 50. Rg2+ Kf4 51. Rf2 Ke3 52. Ra2
Rg3+ 53. Kh2 Rf3 54. Kg2 Kf4 55. Ra4+ Kg5 56. Ra8 Rb3 57. Rg8+ 1/2-1/2

[Event "Mondiale Lampo FIDE 2017"]
[Site "Riyadh"]
[Date "30.12.2017"]
[Round "18.28"]
[White "Andriasian, Zaven"]
[Black "Bocharov, Dmitry"]
[Result "0-1"]
[WhiteTitle "GM"]
[BlackTitle "GM"]
[WhiteElo "2585"]
[BlackElo "2583"]
[WhiteFideId "13302000"]
[BlackFideId "4138716"]
[EventDate "2017.12.29"]

1. Nf3 c5 2. e4 Nc6 3. Bb5 e6 4. O-O Nge7 5. Re1 a6 6. Bf1 d5 7. exd5 Nxd5 8. d4
Nf6 9. Be3 cxd4 10. Nxd4 Bd7 11. Nc3 Be7 12. Nb3 Qc7 13. Nc5 Rd8 14. Nxd7 Rxd7
15. Qe2 O-O 16. Rad1 Rfd8 17. Rxd7 Rxd7 18. Rd1 Nb4 19. Rxd7 Qxd7 20. a3 Nbd5
21. Nxd5 Nxd5 22. Bd2 Bf6 23. c3 h6 24. g3 Qa4 25. Bc1 Qb3 26. h4 b5 27. Qd3 Nb6
28. Qd6 Nd5 29. c4 bxc4 30. Qxa6 Bd4 31. Kg2 Qc2 32. Qxc4 Qxf2+ 33. Kh3 Be3 34.
Bd3 g6 35. Be4 Bxc1 36. Bxd5 Bxb2 37. Bxe6 fxe6 38. Qxe6+ Qf7 39. Qc8+ Kh7 40.
Qa8 Bd4 41. a4 Qf1+ 42. Qg2 Qxg2+ 43. Kxg2 Kg7 44. Kf3 Bb6 45. g4 Kf6 46. h5 g5
47. Ke4 Ke6 48. Kf3 Ke5 49. Kg3 Ke4 50. Kh3 Kf3 0-1

[Event "Mondiale Lampo FIDE 2017"]
[Site "Riyadh"]
[Date "30.12.2017"]
[Round "18.29"]
[White "Ponomariov, Ruslan"]
[Black "Fedorchuk, Sergey A."]
[Result "1-0"]
[WhiteTitle "GM"]
[BlackTitle "GM"]
[WhiteElo "2694"]
[BlackElo "2648"]
[WhiteFideId "14103320"]
[BlackFideId "14102536"]
[EventDate "2017.12.29"]

1. e4 c5 2. Nf3 e6 3. d4 cxd4 4. Nxd4 a6 5. c4 b6 6. Nc3 Bb7 7. a3 Nf6 8. f3 Qc7
9. Be3 Nc6 10. Rc1 Bc5 11. Qd2 O-O 12. Be2 Rac8 13. b4 Bxd4 14. Bxd4 Nxd4 15.
Qxd4 d6 16. O-O Rfd8 17. Rfd1 h6 18. Na4 b5 19. Nb6 e5 20. Qe3 bxc4 21. Rxc4 Qe7
22. Nxc8 Bxc8 23. Qb6 Nh5 24. g3 Be6 25. Rc7 Qg5 26. Kf2 d5 27. exd5 Bxd5 28.
Qe3 Qf5 29. g4 Qf4 30. Qxf4 Nxf4 31. Bc4 Rd6 32. Bxd5 Nxd5 33. Rc5 1-0

[Event "Mondiale Lampo FIDE 2017"]
[Site "Riyadh"]
[Date "30.12.2017"]
[Round "18.30"]
[White "Saric, Ivan"]
[Black "Nguyen, Ngoc Truong Son"]
[Result "1/2-1/2"]
[WhiteTitle "GM"]
[BlackTitle "GM"]
[WhiteElo "2669"]
[BlackElo "2630"]
[WhiteFideId "14508150"]
[BlackFideId "12401110"]
[EventDate "2017.12.29"]

1. e4 e5 2. Nf3 Nf6 3. Nxe5 d6 4. Nf3 Nxe4 5. Nc3 Nxc3 6. dxc3 Nc6 7. Be3 Be7 8.
Qd2 Be6 9. O-O-O Qd7 10. h3 a6 11. Bd3 O-O-O 12. Qe2 Nb8 13. Nd4 Bf6 14. Nxe6
fxe6 15. f4 d5 16. g4 h6 17. Kb1 Qc6 18. h4 Nd7 19. g5 hxg5 20. fxg5 Be5 21. h5
Rdf8 22. h6 gxh6 23. gxh6 Qd6 24. Rde1 Bf6 25. h7 Kb8 26. Bh6 Re8 27. Ref1 e5
28. Bf5 Nb6 29. Bc1 e4 30. Rh6 Qe7 31. Rg1 Na4 32. Qd2 Be5 33. Qxd5 Bxc3 34. Rg8
Bxb2 35. Bxb2 Qb4 36. Qd4 Qe1+ 37. Bc1 Nc3+ 38. Kb2 Nd1+ 39. Kb3 Rhxg8 40.
hxg8=Q Rxg8 41. Rh8 Rxh8 42. Qxh8+ Ka7 43. Qd4+ b6 44. Bxe4 Nf2 45. Be3 Qb1+ 46.
Ka3 Nxe4 47. Qxe4 Qb5 48. Qb4 Qc6 49. Kb2 Kb7 50. Bd4 Qd5 51. Bc3 Qc6 52. a3 Qd5
53. Qb3 Qc6 54. Bd4 Qe4 55. Qd3 Qc6 56. Bc3 Ka7 57. Qd4 Kb7 58. Kc1 Qh6+ 59. Bd2
Qh1+ 60. Kb2 Qc6 61. c4 Kb8 62. Bf4 Qg2+ 63. Qd2 Qc6 64. Qd8+ Kb7 65. Qd4 Qg2+
66. Qd2 Qxd2+ 67. Bxd2 c5 68. a4 b5 69. axb5 axb5 70. cxb5 Kb6 71. Be3 Kxb5 72.
Bxc5 1/2-1/2

[Event "Mondiale Lampo FIDE 2017"]
[Site "Riyadh"]
[Date "30.12.2017"]
[Round "18.31"]
[White "Inarkiev, Ernesto"]
[Black "Cheparinov, Ivan"]
[Result "1-0"]
[WhiteTitle "GM"]
[BlackTitle "GM"]
[WhiteElo "2689"]
[BlackElo "2710"]
[WhiteFideId "4162722"]
[BlackFideId "2905540"]
[EventDate "2017.12.29"]

1. d4 f5 2. Nf3 Nf6 3. e3 g6 4. b4 Bg7 5. Bb2 O-O 6. c4 b6 7. Be2 Bb7 8. O-O e6
9. Nc3 Qe7 10. Qb3 d6 11. d5 e5 12. c5 h6 13. Rfd1 g5 14. Rac1 f4 15. exf4 gxf4
16. Nh4 Rd8 17. Nf5 Qf7 18. cxd6 cxd6 19. Nb5 Ne8 20. Nxg7 Qxg7 21. Bh5 Nf6 22.
Qh3 Na6 23. Qe6+ Kh8 24. Nxd6 Rxd6 25. Qxd6 Rg8 26. Bf3 1-0

[Event "Mondiale Lampo FIDE 2017"]
[Site "Riyadh"]
[Date "30.12.2017"]
[Round "18.32"]
[White "Kasimdzhanov, Rustam"]
[Black "Mchedlishvili, Mikheil"]
[Result "1-0"]
[WhiteTitle "GM"]
[BlackTitle "GM"]
[WhiteElo "2683"]
[BlackElo "2603"]
[WhiteFideId "14200244"]
[BlackFideId "13600966"]
[EventDate "2017.12.29"]

1. e4 d6 2. d4 Nf6 3. Nc3 g6 4. Bg5 Bg7 5. Qd2 h6 6. Bxf6 Bxf6 7. f4 Bg7 8. Nf3
Bg4 9. O-O-O Nc6 10. Bb5 O-O 11. Ne2 a5 12. h3 Bd7 13. Kb1 a4 14. a3 Na5 15. Bd3
b5 16. e5 Nc4 17. Qc1 Rb8 18. g4 Bc6 19. Rhf1 Bd5 20. Nc3 Bxf3 21. Rxf3 b4 22.
Bxc4 bxc3 23. Rxc3 e6 24. f5 d5 25. Bd3 Re8 26. fxg6 fxg6 27. Bxg6 Rf8 28. Rf1
Qe7 29. Rcf3 Rxf3 30. Rxf3 Rf8 31. Qf1 c5 32. Rxf8+ Bxf8 33. dxc5 Bg7 34. Qf4
Qc7 35. Qxa4 Bxe5 36. Qe8+ Kg7 37. Qxe6 Bf6 38. Bh5 Qb7 39. Qb6 Qe7 40. c6 Qe1+
41. Ka2 Qe4 42. Qb7+ Be7 43. Qb3 Bd6 44. g5 hxg5 45. Bg4 Be5 46. Qd3 Qf4 47.
Qxd5 Qf6 1-0

[Event "Mondiale Lampo FIDE 2017"]
[Site "Riyadh"]
[Date "30.12.2017"]
[Round "18.33"]
[White "Guseinov, Gadir"]
[Black "Zhigalko, Sergei"]
[Result "0-1"]
[WhiteTitle "GM"]
[BlackTitle "GM"]
[WhiteElo "2646"]
[BlackElo "2641"]
[WhiteFideId "13401378"]
[BlackFideId "13502956"]
[EventDate "2017.12.29"]

1. e4 c5 2. Nc3 Nc6 3. Nf3 Nf6 4. Bb5 Qc7 5. O-O Nd4 6. Re1 a6 7. Bc4 d6 8. Nd5
Nxd5 9. exd5 g6 10. Nxd4 cxd4 11. d3 h6 12. b4 Bg7 13. Qe2 Bf6 14. a4 h5 15. Qf3
Kf8 16. h3 h4 17. a5 Rh5 18. Bb2 Bf5 19. Re2 Rc8 20. Qf4 Be5 21. Qd2 Bf6 22.
Rae1 Qd7 23. Kh2 Bg5 24. f4 Bf6 25. Qc1 Qa4 26. Qa1 Qxa1 27. Rxa1 g5 28. fxg5
Be5+ 29. Kh1 Rxg5 30. Rf1 Bg6 31. Bc1 Rh5 32. Bf4 f6 33. Bh2 Kg7 34. Bg1 Rg5 35.
Bh2 Bh5 36. Re4 Bg6 37. Rxh4 Bf5 38. Bf4 Bxf4 39. Rhxf4 Bd7 40. Rxd4 Rh8 41. Kh2
Re5 42. Re4 Rxe4 43. dxe4 Rc8 44. Bd3 Rc3 45. Ra1 Bb5 46. Bxb5 axb5 47. a6 bxa6
48. Rxa6 Rc4 49. c3 Rxc3 50. Rb6 Rc4 51. Rxb5 Rxe4 52. g4 Re3 53. h4 Kg6 54. Rb8
Rd3 55. Rb5 f5 56. g5 Kh5 57. Rb8 Kxh4 58. Rg8 Rd2+ 59. Kg1 Kh5 60. Rg7 Rxd5 61.
Rxe7 Kxg5 62. Re2 Rb5 63. Rd2 d5 64. Rb2 Kf4 65. Kf2 Ke4 66. Re2+ Kd4 67. Kf3
Rxb4 68. Rd2+ Ke5 0-1

[Event "Mondiale Lampo FIDE 2017"]
[Site "Riyadh"]
[Date "30.12.2017"]
[Round "18.35"]
[White "Meier, Georg"]
[Black "Kovalev, Vladislav"]
[Result "1/2-1/2"]
[WhiteTitle "GM"]
[BlackTitle "GM"]
[WhiteElo "2650"]
[BlackElo "2639"]
[WhiteFideId "4675789"]
[BlackFideId "13504398"]
[EventDate "2017.12.29"]

1. Nf3 Nf6 2. b3 g6 3. Bb2 Bg7 4. g3 O-O 5. Bg2 c5 6. c4 Nc6 7. O-O d6 8. d4
cxd4 9. Nxd4 Bd7 10. Nc2 a6 11. Nc3 Rb8 12. Nd5 Nxd5 13. Bxg7 Ne3 14. Nxe3 Kxg7
15. Qd2 Qa5 16. Rfd1 Qxd2 17. Rxd2 Be6 18. Nd5 Rfc8 19. Nb6 Rc7 20. f4 Re8 21.
Rad1 Nb8 22. Na8 Rd7 23. c5 dxc5 24. Rxd7 Bxd7 25. Bxb7 Bc6 26. Nc7 Rf8 27. Bxc6
Nxc6 28. Kf2 Nb4 29. Rd7 Nxa2 30. Nxa6 Rc8 31. Rxe7 Nc1 32. Rb7 Re8 33. e3 Rd8
34. Nxc5 Rd2+ 35. Kf3 Rxh2 36. e4 h5 37. e5 Kg8 38. Nd7 Rb2 39. Nf6+ Kg7 40. Rc7
Nxb3 41. Rc8 Nd2+ 42. Ke3 Nf1+ 43. Kd4 Nxg3 44. Rg8+ Kh6 45. Rh8+ Kg7 46. Rg8+
Kh6 1/2-1/2

[Event "Mondiale Lampo FIDE 2017"]
[Site "Riyadh"]
[Date "30.12.2017"]
[Round "18.36"]
[White "Demchenko, Anton"]
[Black "Alekseev, Evgeny"]
[Result "1/2-1/2"]
[WhiteTitle "GM"]
[BlackTitle "GM"]
[WhiteElo "2660"]
[BlackElo "2616"]
[WhiteFideId "4160258"]
[BlackFideId "4138147"]
[EventDate "2017.12.29"]

1. e4 e5 2. Nf3 Nc6 3. Bc4 Bc5 4. d3 Nf6 5. Bg5 d6 6. c3 Bb6 7. a4 a6 8. Nbd2
O-O 9. O-O Ne7 10. Nh4 Ng6 11. Bb3 Kh8 12. Nc4 Ba7 13. Nxg6+ fxg6 1/2-1/2

[Event "Mondiale Lampo FIDE 2017"]
[Site "Riyadh"]
[Date "30.12.2017"]
[Round "18.37"]
[White "Potkin, Vladimir"]
[Black "Christiansen, Johan-Sebastian"]
[Result "1-0"]
[WhiteTitle "GM"]
[BlackTitle "IM"]
[WhiteElo "2574"]
[BlackElo "2495"]
[WhiteFideId "4131061"]
[BlackFideId "1512668"]
[EventDate "2017.12.29"]

1. Nf3 c5 2. c4 Nc6 3. Nc3 g6 4. e3 Nf6 5. d4 cxd4 6. exd4 d5 7. cxd5 Nxd5 8.
Bc4 Nb6 9. Bb3 Bg7 10. d5 Na5 11. O-O O-O 12. h3 Nxb3 13. axb3 Re8 14. Re1 Bxc3
15. bxc3 Qxd5 16. Qc2 Bxh3 17. c4 Bf5 18. Qb2 Qd6 19. Bh6 Qf6 20. Qxf6 exf6 21.
Rxe8+ Rxe8 22. Rxa7 Bc8 23. Nd4 Nd7 24. Nb5 Ne5 25. Nd6 Rd8 26. Nxc8 Rxc8 27.
Rxb7 Ra8 28. f3 Nd3 29. b4 g5 30. c5 Nf4 31. c6 Ne2+ 32. Kf2 Nd4 33. c7 Ra2+ 34.
Kf1 Ra1+ 35. Kf2 Ra2+ 36. Ke3 Nf5+ 37. Kd3 Nxh6 38. c8=Q+ Kg7 39. g4 Ra3+ 40.
Ke2 Ra2+ 41. Kf1 Ra1+ 42. Kg2 Ra2+ 43. Kg3 Ra1 44. Rb8 Rg1+ 45. Kf2 Rb1 46. Qh8+
Kg6 47. Rb6 Rb2+ 48. Ke1 Rb1+ 49. Kd2 1-0

[Event "Mondiale Lampo FIDE 2017"]
[Site "Riyadh"]
[Date "30.12.2017"]
[Round "18.38"]
[White "Dobrov, Vladimir"]
[Black "Georgiev, Kiril"]
[Result "0-1"]
[WhiteTitle "GM"]
[BlackTitle "GM"]
[WhiteElo "2515"]
[BlackElo "2623"]
[WhiteFideId "4136594"]
[BlackFideId "2900017"]
[EventDate "2017.12.29"]

1. Nf3 Nf6 2. c4 e6 3. Nc3 d5 4. d4 a6 5. cxd5 exd5 6. Bg5 Be6 7. e3 Nbd7 8. Be2
Bd6 9. O-O h6 10. Bh4 O-O 11. a3 c6 12. Qb3 Rb8 13. Rac1 Re8 14. Rfd1 Qa5 15.
Qc2 Bg4 16. b4 Qd8 17. Qb2 Rc8 18. a4 b5 19. a5 Qe7 20. Na2 g5 21. Bg3 Ne4 22.
Bxd6 Nxd6 23. h3 Bxf3 24. Bxf3 Nc4 25. Qc3 Nf6 26. Rc2 Kg7 27. Nc1 h5 28. g3 g4
29. hxg4 hxg4 30. Bg2 Ne4 31. Qe1 Rh8 32. Nd3 Rh6 33. Qe2 f5 34. Qe1 Rch8 35.
Nf4 Ng5 36. Qe2 Nf3+ 37. Bxf3 gxf3 38. Qxf3 Rh1+ 39. Qxh1 Rxh1+ 40. Kxh1 Qe4+
41. Kg1 Qxc2 42. Re1 Nd2 43. Re2 Qd1+ 44. Kh2 Ne4 45. Kg2 Qb3 46. f3 Nc3 47. Rd2
Qxb4 48. Rc2 Qb3 49. Rd2 b4 50. Ne6+ Kf6 51. Nc5 Qb1 52. Nxa6 b3 53. Nc5 b2 54.
a6 Nb5 55. Na4 Qa1 56. Nxb2 Qxa6 0-1

[Event "Mondiale Lampo FIDE 2017"]
[Site "Riyadh"]
[Date "30.12.2017"]
[Round "18.39"]
[White "Grigoriants, Sergey"]
[Black "Fressinet, Laurent"]
[Result "0-1"]
[WhiteTitle "GM"]
[BlackTitle "GM"]
[WhiteElo "2561"]
[BlackElo "2662"]
[WhiteFideId "4130804"]
[BlackFideId "608742"]
[EventDate "2017.12.29"]

1. e4 e5 2. Nf3 Nc6 3. Bb5 a6 4. Ba4 d6 5. c3 f5 6. exf5 Bxf5 7. O-O Bd3 8. Re1
Be7 9. Bc2 Bxc2 10. Qxc2 Nf6 11. d4 e4 12. Ng5 d5 13. f3 h6 14. Nh3 O-O 15. Nd2
exf3 16. Nxf3 Qd7 17. Nf2 Bd6 18. Bd2 Ng4 19. Qg6 Nxf2 20. Kxf2 Rf6 21. Qh5 Ne7
22. Kg1 Raf8 23. Re2 c6 24. Rae1 Ng6 25. Ne5 Nxe5 26. dxe5 Rf5 27. Qh3 Qf7 28.
g3 Bc5+ 29. Be3 Bxe3+ 30. Rxe3 Qe6 31. Qg2 c5 32. Rd3 Rd8 33. Rde3 d4 34. cxd4
cxd4 35. Re4 d3 36. Qd2 Rf7 37. b3 Rc7 38. Qa5 b6 39. Qxa6 Rc2 40. Rf4 Qd5 41.
Rf2 Qd4 42. Rf1 Rf8 0-1

[Event "Mondiale Lampo FIDE 2017"]
[Site "Riyadh"]
[Date "30.12.2017"]
[Round "18.40"]
[White "Movsesian, Sergei"]
[Black "Adhiban, Baskaran"]
[Result "1/2-1/2"]
[WhiteTitle "GM"]
[BlackTitle "GM"]
[WhiteElo "2647"]
[BlackElo "2655"]
[WhiteFideId "310204"]
[BlackFideId "5018471"]
[EventDate "2017.12.29"]

1. e4 g6 2. d4 Bg7 3. Nc3 a6 4. h4 h5 5. Be3 d6 6. Qd2 Nd7 7. Nh3 c5 8. O-O-O
cxd4 9. Bxd4 Ngf6 10. Ng5 b5 11. f3 Bb7 12. Kb1 Rc8 13. Be2 Nb6 14. Rhe1 Nc4 15.
Bxc4 Rxc4 16. Bxf6 exf6 17. Nh3 O-O 18. Qxd6 Qa5 19. Nd5 Bxd5 20. Qxd5 f5 21. e5
Rxh4 22. f4 Rg4 23. Re2 Qc7 24. Rd3 h4 25. a3 Qc4 26. Qd6 Re8 27. Qxa6 Rg3 28.
Qd6 Bh6 29. Rxg3 hxg3 30. Qd3 Qc7 31. Qxg3 Rd8 32. Qe1 Qc4 33. g3 b4 34. axb4
Bf8 35. e6 fxe6 36. Rxe6 Bxb4 37. Re8+ Rxe8 38. Qxe8+ Kg7 39. Qd7+ Kf8 40. Qd8+
Kg7 41. Qd7+ Kf8 42. Qd3 Qc6 43. Ng5 Qh1+ 44. Ka2 Be7 45. Ne6+ Kf7 46. Nd4 Qa8+
47. Kb3 Bf6 48. Nb5 Kg7 49. c3 Qg2 50. Nd6 Qc6 51. Kc2 Qg2+ 52. Kb3 Qc6 53. Nc4
Qb5+ 54. Kc2 Qa4+ 55. Kd2 Qc6 56. Qe2 Qd5+ 57. Kc2 Qa8 58. Ne5 Qa4+ 59. Kb1 Qa8
60. Nf3 Qb7 61. Ng5 Bxc3 62. Ne6+ Kg8 63. Nc5 Qh1+ 64. Kc2 Bg7 65. Ne6 Qc6+ 66.
Kb1 Qh1+ 67. Ka2 Qa8+ 68. Kb1 Qh1+ 69. Kc2 Qc6+ 70. Kb1 Qh1+ 1/2-1/2

[Event "Mondiale Lampo FIDE 2017"]
[Site "Riyadh"]
[Date "30.12.2017"]
[Round "18.41"]
[White "Jumabayev, Rinat"]
[Black "Riazantsev, Alexander"]
[Result "0-1"]
[WhiteTitle "GM"]
[BlackTitle "GM"]
[WhiteElo "2612"]
[BlackElo "2650"]
[WhiteFideId "13702661"]
[BlackFideId "4125029"]
[EventDate "2017.12.29"]

1. e4 c6 2. d4 d5 3. exd5 cxd5 4. Bd3 Nc6 5. c3 Nf6 6. Bf4 Bg4 7. Qb3 Qd7 8. Nd2
e6 9. Ngf3 Bd6 10. Bxd6 Qxd6 11. O-O O-O 12. Rfe1 Nd7 13. a4 Qc7 14. Qa3 Bh5 15.
a5 Rfe8 16. a6 b6 17. Bb5 Rec8 18. Re3 h6 19. Rae1 Bg6 20. Rxe6 fxe6 21. Rxe6
Nxd4 22. Nxd4 Nf8 23. Re7 Qc5 24. Qxc5 bxc5 25. Nc6 Be8 26. Nxa7 Rxa7 27. Rxa7
Bxb5 28. Nb3 Rc6 29. Ra8 c4 30. a7 Ra6 31. Rb8 Rxa7 32. Rxb5 cxb3 33. f3 Ne6 34.
Rxb3 Nf4 35. Kf2 Re7 36. Rb4 g5 37. Rb8+ Kg7 38. g3 Nd3+ 39. Kf1 Re1+ 40. Kg2
Re2+ 41. Kg1 Nxb2 42. h4 Nc4 43. hxg5 hxg5 44. Rd8 Rd2 45. Kf1 Kf6 46. Ke1 Rd3
47. Ke2 Rd2+ 48. Ke1 Ke6 49. Re8+ Kd6 50. Rd8+ Ke6 51. Re8+ Kd7 52. Rg8 Rd3 53.
Rxg5 Kc6 54. f4 Rxc3 55. f5 Kd6 56. f6 Rf3 57. Rg6 Ke6 58. Ke2 Rxf6 59. Rg8 Ke5
60. g4 Rf4 61. g5 Ke4 62. g6 Rg4 63. g7 Ne5 64. Kd2 d4 65. Kc2 Rg2+ 66. Kb3 d3
67. Kc3 Rg3 68. Kb3 Ke3 69. Kc3 d2 70. Rd8 Rxg7 0-1

[Event "Mondiale Lampo FIDE 2017"]
[Site "Riyadh"]
[Date "30.12.2017"]
[Round "18.42"]
[White "Eljanov, Pavel"]
[Black "Zhao, Jun"]
[Result "1-0"]
[WhiteTitle "GM"]
[BlackTitle "GM"]
[WhiteElo "2711"]
[BlackElo "2604"]
[WhiteFideId "14102951"]
[BlackFideId "8602522"]
[EventDate "2017.12.29"]

1. c4 Nf6 2. Nc3 g6 3. g3 Bg7 4. Bg2 O-O 5. e4 d6 6. Nge2 c5 7. O-O Nc6 8. d3
Ne8 9. Be3 Nd4 10. Rb1 Nc7 11. b4 Nce6 12. Qd2 b6 13. f4 Bb7 14. f5 Nc7 15. bxc5
dxc5 16. Nd5 Nxe2+ 17. Qxe2 Ne8 18. Bg5 Nf6 19. Kh1 Re8 20. Qf3 Rf8 21. Rbe1
Nxd5 22. exd5 Bf6 23. Qf4 Qd7 24. Qh4 Bxg5 25. Qxg5 Rae8 26. h4 Kg7 27. h5 h6
28. f6+ Kh7 29. Qf4 exf6 30. Rxe8 Qxe8 31. Qxf6 gxh5 32. Be4+ Kg8 33. Qf5 1-0

[Event "Mondiale Lampo FIDE 2017"]
[Site "Riyadh"]
[Date "30.12.2017"]
[Round "18.43"]
[White "Naiditsch, Arkadij"]
[Black "Dzhumagaliev, Yan"]
[Result "1/2-1/2"]
[WhiteTitle "GM"]
[BlackTitle "FM"]
[WhiteElo "2705"]
[BlackElo "2400"]
[WhiteFideId "4650891"]
[BlackFideId "24100110"]
[EventDate "2017.12.29"]

1. d4 Nf6 2. Bf4 c5 3. d5 d6 4. Nc3 a6 5. a4 h6 6. e4 g5 7. Be3 Nbd7 8. f3 Bg7
9. Nge2 Ne5 10. Ng3 Rb8 11. h4 gxh4 12. Rxh4 Bd7 13. Be2 b5 14. axb5 axb5 15. f4
Ng6 16. Rh1 b4 17. Nb1 h5 18. Nd2 h4 19. Nf5 Bxf5 20. exf5 Nf8 21. Nc4 Ra8 22.
Bf3 N8d7 23. Kf2 h3 24. g4 Kf8 25. g5 Ne8 26. Kg3 Nc7 27. Kh2 Nb5 28. Rxa8 Qxa8
29. Qa1 Qb8 30. Qa4 Kg8 31. Na5 Nf8 32. Nc6 Qb7 33. Ra1 Bxb2 34. Qa8 Qd7 35. Ra5
Nc7 36. Qb8 Kg7 37. Bg4 Ng6 38. f6+ exf6 39. Qxh8+ Kxh8 40. Bxd7 Nxd5 41. Bd2
Ndxf4 42. gxf6 Bxf6 43. Be8 Ne2 44. Bxf7 Nh4 45. Kxh3 Nf3 46. Bh5 Neg1+ 47. Kg2
Nxd2 48. Kxg1 b3 49. cxb3 Nxb3 50. Ra7 c4 51. Nb4 Bd4+ 52. Kg2 Bxa7 53. Bf7 Na5
54. Kf3 Kg7 55. Bd5 Kf6 56. Ke4 Bc5 57. Na2 Ke7 58. Nc3 Kd7 59. Nb5 Ke7 60. Kf5
Kf8 61. Ke4 Kg7 62. Kf5 Kh6 63. Bf7 Bb4 64. Ke4 Kg5 65. Kd4 Bc5+ 66. Kc3 Kf4 67.
Bxc4 Nxc4 68. Kxc4 d5+ 69. Kxd5 1/2-1/2

[Event "Mondiale Lampo FIDE 2017"]
[Site "Riyadh"]
[Date "30.12.2017"]
[Round "18.44"]
[White "Moiseenko, Alexander"]
[Black "Sethuraman, S.P."]
[Result "1-0"]
[WhiteTitle "GM"]
[BlackTitle "GM"]
[WhiteElo "2667"]
[BlackElo "2646"]
[WhiteFideId "14102560"]
[BlackFideId "5021596"]
[EventDate "2017.12.29"]

1. d4 Nf6 2. Bg5 e6 3. e4 h6 4. Bxf6 Qxf6 5. c3 d6 6. Bd3 Nd7 7. Ne2 e5 8. O-O
Qe7 9. f4 g6 10. fxe5 dxe5 11. Bc4 Nf6 12. Qb3 Rh7 13. Nd2 c6 14. a4 Ng4 15. Rf3
f5 16. h3 Nf6 17. Raf1 Bg7 18. dxe5 Qxe5 19. Bf7+ Kd8 20. Bxg6 fxe4 21. Rxf6
Bxf6 22. Bxh7 Kc7 23. Qf7+ Be7 24. Nxe4 Bd7 25. Qf4 Qxf4 26. Rxf4 Be6 27. Nd4
Bd5 28. Bf5 Rg8 29. Be6 Bxe6 30. Nxe6+ Kd7 31. N6c5+ Kd8 32. Nxb7+ Kc7 33. Rf7
Re8 34. Nbd6 1-0